Jack Black Movies - Statistics

General Stats
  • This quiz has been taken 73 times
  • The average score is 13 of 73
Answer Stats
Year Movie % Correct
2008 Kung Fu Panda
84%
2011 Kung Fu Panda 2
78%
2016 Kung Fu Panda 3
78%
2003 School of Rock
76%
2024 Kung Fu Panda 4
67%
2025 Minecraft
58%
2023 The Super Mario Bros. Movie
55%
2006 Nacho Libre
49%
2001 Shallow Hal
44%
2019 Jumanji: The Next Level
42%
2017 Jumanji: Welcome to the Jungle
42%
2010 Gulliver's Travels
35%
2006 The Holiday
35%
2015 Goosebumps
33%
2008 Tropic Thunder
33%
2006 Tenacious D in the Pick of Destiny
29%
2005 King Kong
24%
2000 High Fidelity
22%
2018 The House With A Clock in Its Walls
22%
2009 Year One
22%
2024 Borderlands
20%
2002 Ice Age
20%
2008 Be Kind Rewind
16%
1996 Mars Attacks!
16%
2004 Shark Tale
16%
2011 The Big Year
16%
1996 The Cable Guy
16%
2011 Bernie
15%
2001 Saving Silverman
15%
2011 The Muppets
15%
2024 Dear Santa
13%
2018 Goosebumps 2: Haunted Halloween
13%
2017 The Polka King
13%
2004 Anchorman: The Legend of Ron Bergundy
11%
1998 Enemy of the State
11%
2002 Orange County
11%
1997 The Jackal
11%
1992 Bob Roberts
9%
1993 Demolition Man
9%
1995 Waterworld
9%
1993 Airborne
7%
1995 Dead Man Walking
7%
2004 Envy
7%
2007 Margot at the Wedding
7%
2015 The D Train
7%
2022 Apollo 10 1/2: A Space Age Childhood
5%
1995 Bye Bye Love
5%
1996 Crossworlds
5%
1999 Jesus' Son
5%
1996 The Fan
5%
2022 Weird: The Al Yankovic Story
5%
1996 Bio-Dome
4%
1998 Bongwater
4%
2018 Don't Worry, He Won't Get Far on Foot
4%
1998 I Still Know What You Did Last Summer
4%
1998 Johnny Skidmarks
4%
2003 Melvin Goes to Dinner
4%
2002 Run Ronnie Run!
4%
2014 Sex Tape
4%
2007 Walk Hard: The Dewey Cox Story
4%
1994 Blind Justice
2%
2022 Chip 'n Dale: Rescue Rangers
2%
1999 Cradle Will Rock
2%
1999 The Love Letter
2%
2016 Don't Think Twice
0%
1993 Marked For Murder
0%
2018 Sorry to Bother You
0%
TBD Stepdude
0%
2020 The Croods: A New Age
0%
1994 The Innocent
0%
1994 The NeverEnding Story III: Escape From Fantasia
0%
2003 Thirteen
0%
2018 Unexpected Race
0%
No matching quizzes found
Score Distribution
Percent of People with Each Score
Percentile by Number Answered
Your Score History
You have not taken this quiz